000 00523nam a2200181 i 4500
001 101052
003 ES-MaACL
005 20250828063250.0
007 t|
008 051011s1905 xxk ||||1| eng d
100 1 _aMauclair, Camille,
_d1872-1945
_979178
245 1 0 _aAntoine Watteau (1684-1721) /
_cby Camille Mauclair.
260 _aLondon :
_bDuckworth,
_c1905.
300 _aXIV, 200 p. :
_bil. ;
_c15 cm.
600 0 4 _aWatteau, Antoine.
_9116207
852 _aES-MaACL
_jF-463
999 _c101052
_d101052